Datum a čas kvízu

33.5 Celkem bodů Celkový počet nahraných bodů na tomto kvízu bez doplňovacích otázek.
2. Pořadí na kvízu Konečné umístění týmu na tomto kvízu.

Zaznamenané odpovědi

# Otázka Odpověď Body Výsledky
1. Ústavní soud zamítl návrhy pre... lex Babiš 1
2. Mluvčí afghánského radikálního... Tálibán 1
3. Ve čtvrtek byl zahájen jubilej... Berlínský filmový festival (Berlinale) 1
4. Ve středu "oslavil" 30. naroze... Adobe Photoshop 1
5. Sparťanský trenér Václav Jílek... Václav Kotal 1
6. Na tento týden připadá období... bachyně 1
7. S tímto zvláštně vypadajícím p... (prase) bradavičnaté 1
8. Již delší dobu se experimentuj... xenotransplantace 1
9. Prase je čistotné a inteligent... D 1
10. Obliba miniprasátek jako domác... Wilbur 0